Gran Premi del Campionato mondiale di Formula 1 2011 - Statistics

Statistiche generali
  • Questo quiz è stato fatto 7 volte
  • Il punteggio medio è 13 su 19
Statistiche sulle risposte
Data Gran Premio % Corretto
28 agosto Gran Premio del Belgio
100%
11 settembre Gran Premio d'Italia
100%
27 marzo Gran Premio d'Australia
75%
27 novembre Gran Premio del Brasile
75%
9 ottobre Gran Premio del Giappone
75%
10 aprile Gran Premio della Malesia
75%
13 novembre Gran Premio di Abu Dhabi
75%
17 aprile Gran Premio di Cina
75%
10 luglio Gran Premio di Gran Bretagna
75%
25 settembre Gran Premio di Singapore
75%
22 maggio Gran Premio di Spagna
75%
31 luglio Gran Premio d'Ungheria
75%
12 giugno Gran Premio del Canada
50%
26 giugno Gran Premio d'Europa
50%
16 ottobre Gran Premio di Corea
50%
24 luglio Gran Premio di Germania
50%
29 maggio Gran Premio di Monaco
50%
30 ottobre Gran Premio d'India
50%
8 maggio Gran Premio di Turchia
50%
Nessun quiz corrispondente trovato
Distribuzione punteggi
Percentuale di utenti per punteggio
Percentile per numero di risposta
I tuoi punteggi nel tempo
Non hai fatto questo quiz